[Event "EU-Cup 14th final"]
[Site "Belgrade"]
[Date "1999.01.12"]
[Round "2"]
[White "Jaracz, Pawel"]
[Black "Finkel, Alexander"]
[Result "0-1"]
[WhiteElo "2465"]
[BlackElo "2455"]
[Annotator "Finkel,A"]
[PlyCount "82"]
[EventDate "1999.01.11"]
[EventType "team-k.o."]
[EventRounds "3"]
[EventCountry "YUG"]
[SourceTitle "EXT 2020"]
[Source "ChessBase"]
[SourceDate "2019.10.17"]
[SourceVersion "1"]
[SourceVersionDate "2019.10.17"]
[SourceQuality "1"]
[WhiteTeam "Gorzow Stilon Welkopolski"]
[BlackTeam "Petah-Tikva Elitzur"]
[WhiteTeamCountry "POL"]
[BlackTeamCountry "ISR"]

1. e4 g6 2. d4 Bg7 3. Nc3 c6 4. Bc4 d6 5. Nf3 (5. Qf3) 5... Nf6 6. Qe2 b5 $5 {
Agessive continuation leading to very complicated struggle.} 7. Bd3 Bg4 (7...
b4 $6 8. Nd1 O-O 9. O-O Nbd7 10. a3 bxa3 11. Rxa3 Qc7 12. Bd2 {+= Rosin,
W-Richter,A/RLNN 1991 (36)}) 8. Nd1 $5 {Intending to play c3.} (8. O-O $5 Nfd7
9. Be3 b4 $1 (9... e5 $6 10. d5 b4 11. dxc6 bxc3 12. cxd7+ Nxd7 13. bxc3 O-O
14. h3 {+=}) 10. Na4 Qa5 11. b3 e5 12. a3 exd4 13. Bd2 Ne5 $6 (13... Qh5 $1 $36
) 14. axb4 {~ Kuijf,M-Reinderman,D/NLD-ch 1996 (63)}) 8... Nfd7 {Starting the
battle for the center.} 9. c3 (9. Be3 $6 e5 10. c3 O-O (10... Qf6 $5 11. d5
cxd5 (11... a6 $6 12. a4) 12. exd5 a6 13. a4 Bxf3 14. Qxf3 Qxf3 15. gxf3 bxa4
16. Rxa4 f5 $1 $132) 11. h3 Bxf3 12. Qxf3 exd4 13. cxd4 Qa5+ 14. Kf1 {~}) 9...
e5 10. d5 $1 {Correct reply causing black certain inconvinience.Worse is} (10.
dxe5 $6 Nxe5 11. h3 Bxf3 12. gxf3 Qf6 13. f4 Nxd3+ 14. Qxd3 Nd7 {=+ and black
siezes the initiative.}) 10... cxd5 11. Bxb5 $1 {Another strong move letting
white to get an opening advantage.} (11. exd5 O-O 12. Ne3 Bxf3 13. Qxf3 a6 14.
O-O f5 {~}) 11... O-O 12. Ne3 (12. exd5 $6 e4 13. Qc4 $8 Bxf3 (13... Nc5 14.
O-O a6 15. Ba4 Nxa4 16. Qxa4 Bxf3 17. gxf3 exf3 18. Qg4 {+=}) 14. gxf3 exf3 15.
Bf4 a6 16. Bxd7 Nxd7 $36) 12... Bxf3 ({Of course not} 12... dxe4 $2 13. Nxg4
exf3 14. Qxf3 e4 (14... Nb6 15. Nh6+ Bxh6 16. Bxh6 {+-}) 15. Qe2 a6 16. Bc4 Nb6
17. Nh6+ {+/- and white has strong initiative.}) 13. Qxf3 dxe4 (13... d4 $6 14.
Ng4 (14. cxd4 $2 Qa5+ {-+}) 14... Qa5 15. Bc4 dxc3 16. bxc3 Nc6 17. O-O Nb6 18.
Bb3 {+/-}) 14. Qxe4 Nb6 15. Nd5 $1 {+= It's important to change the knights
because after} (15. O-O d5 16. Qf3 a6 17. Be2 Nc6 18. Rd1 e4 19. Qf4 f5 {
~ white knight is slightly misplaced and it gives black sufficient
counterchanses.}) 15... f5 16. Qb4 $6 {Inaccuracy permitting black to equalize.
Queen's place is on d3,because the most important thing for white is to keep
control over the d5:} (16. Qd3 N8d7 17. Bxd7 $1 Qxd7 18. O-O e4 19. Nxb6 axb6
20. Qd5+ Kh8 21. Bf4 {+= and white has very comfortable edge.}) 16... Kh8 $1
17. Qb3 ({Nothing promises} 17. Nxb6 Qxb6 18. Be3 Qb7 $1 (18... Na6 $5 19. Qc4
$1 Nc5 20. b4 Rab8 21. Ba4 (21. bxc5 Qxb5 22. Qxb5 Rxb5 23. cxd6 e4 24. c4 Ra5
25. Rd1 Rxa2 $132) 21... Qa6 22. Qxa6 Nxa6 $132) 19. O-O f4 20. Bd2 d5 $36 {
and black has fantastic position.}) 17... N8d7 18. Nxb6 ({May be slightly more
accurate was} 18. O-O $5 Nxd5 19. Qxd5 Nb6 20. Qd3 {and in comparison with the
game the queen takes more active place.}) 18... Nxb6 19. O-O e4 $1 ({After} 
19... d5 {it's much easier for white to put the pressure on the d-pawn because
it becomes more vulnerable,that's why I decided to play 19...e4,which seems to
me correct also now.}) 20. f4 $2 {Strategical mistake passing the initiative
into black's hands.Deserved attention} (20. Rd1 Qe7 (20... f4 $2 21. Bc6) 21.
Be3 f4 22. Bd4 Rf5 23. Bxg7+ Kxg7 $132 {with mutual chanses.}) 20... Rb8 {=+}
21. Be3 Qc7 22. Rfd1 d5 23. Qa3 $5 Rf7 $1 24. Rd2 Bf8 (24... Nc4 $2 25. Bxc4
dxc4 26. Rad1 {+=}) 25. b4 $1 {Covering square c5.} (25. Qa6 Bc5 $1 26. Bxc5
Qxc5+ 27. Rd4 Rg8 $1 28. Rad1 Qc7 29. g3 g5 {-/+}) 25... Bg7 26. Rc1 g5 $5 27.
g3 ({Too dangerous} 27. fxg5 Be5 28. Bd4 Bxd4+ 29. cxd4 Qf4 30. Re2 Qxg5 {
=+ and black has strong initiative.}) 27... gxf4 28. gxf4 Bf6 29. Kh1 Rg8 30.
Qb3 Rg4 $5 $138 31. Rxd5 $5 {White doesn't want to wait any more and decides
to change the character of the game with this sacrifice.} (31. Rf2 $5) 31...
Nxd5 32. Qxd5 Bg7 $1 {Defending the pawn on f5.} 33. Qc4 Rg6 $5 {Rook now has
nothing to do on g4.} 34. Qe2 (34. Qxc7 $6 Rxc7 35. c4 (35. Bc5 $5) 35... a6 $1
36. Be8 Rd6 37. Kg2 Rd3 38. Kf2 Bd4 {-+}) 34... Rf8 35. c4 Rd8 $2 (35... a6 $1
{-/+}) 36. c5 {~} Bd4 37. c6 a6 $2 (37... Bxe3 38. Qxe3 a6 39. Qc3+ Rg7 40.
Bxa6 e3 {~}) (37... h6) 38. Bxd4+ Rxd4 39. Qb2 Rgd6 40. Rd1 $6 {As it oftenly
happens in the time-troubles the last move is very serious mistake.After simple
} (40. Bxa6 Qg7 41. Qe2 {+/- white would be very close to win this dramatic
game!}) 40... Qg7 41. Rg1 $2 {Loosing on the spot,but even after the most
accurate} (41. Rxd4 Rxd4 42. Bf1 Rd1 43. Qe2 Rc1 44. Qxa6 Qc7 45. Qa8+ Kg7 46.
Qb7 Rxc6 47. Qxc7+ Rxc7 {-/+ black's advantage should be enough to win.}) 41...
Rg6 $1 0-1

[Event "GER-ch 70th"]
[Site "Bremen"]
[Date "1998.11.06"]
[Round "1"]
[White "Lutz, Christopher"]
[Black "Espig, Lutz"]
[Result "1-0"]
[WhiteElo "2600"]
[BlackElo "2440"]
[Annotator "Finkel,A"]
[PlyCount "51"]
[EventDate "1998.11.06"]
[EventType "swiss"]
[EventRounds "9"]
[EventCountry "GER"]
[SourceTitle "CBM 068"]
[Source "ChessBase"]
[SourceDate "1999.02.01"]
[SourceVersion "1"]
[SourceVersionDate "1999.02.01"]
[SourceQuality "1"]

1. e4 d6 2. d4 Nf6 3. Nc3 g6 4. Nf3 Bg7 5. Be2 O-O 6. O-O Bg4 7. Be3 Nc6 8. d5
Bxf3 9. Bxf3 Ne5 10. Be2 c6 11. a4 Qa5 12. Ra3 Rfc8 13. Rb3 Qc7 14. f3 $5 {
Flexible move,but as shows the following game not without a poison!This game
is not very typical for such a slow,manouvering variation,where white step by
step tries to exploit his advantage in space and slightly more active pieces:}
(14. h3 Ned7 15. f4 cxd5 16. exd5 Nc5 17. Rb4 Nfd7 18. Bd4 a5 19. Rb5 $14 {
Sokolov,A-Timman,J;Brussels 1998}) (14. f4 Ned7 15. Qe1 cxd5 $6 16. exd5 Nb6
17. Qd2 Rab8 $6 18. Nb5 Nc4 19. Qb4 $1 Nxd5 20. Nxc7 Nxb4 21. Bxa7 $18 {
Servat,H-Toth,S Mar del Plata,1990}) (14. Kh1 Ned7 15. f3 (15. f4 a6 16. Bf3
Rab8 17. Ba7 Ra8 18. Bf2 Rab8 19. Re1 cxd5 20. exd5 b5 $132 {Vasiukov,J-Lobron,
E Eeu Cup 1991}) 15... Nc5 16. Ra3 cxd5 17. exd5 Qa5 18. Qd2 Qb4 $1 19. Rb1 Nh5
$13 {Dimitrov,V-Chabanon,L Sofia,1991}) (14. Qd2 cxd5 $6 15. exd5 Nfd7 16. Bd4
Nb6 17. Re1 Qd7 18. Qd1 h5 19. Rb4 $1 $16 {Savon,V-Manka,F Borovo,1991}) (14.
a5 $5 Qxa5 $6 15. Rxb7 cxd5 16. Nxd5 Nxd5 17. exd5 Nc4 18. Bxc4 Rxc4 19. b3 $16
{Malisauskas,V-Sarno,S EU-cht1992}) 14... e6 $6 {This natural move seems to be
the sourse of amazingly quickly coming troubles!It gives white an opportunity
to break the kingside with f5 and black proves to be unprepared for this.} (
14... Ned7 $5) 15. f4 Ned7 16. dxe6 fxe6 17. g4 $1 $36 {[%cal Gf4f5,Gg4g5]} d5
$6 {After this move black's position turns into ruins.Even worse was} (17...
Rf8 $6 18. g5 Ne8 19. Bg4 $1 e5 20. Be6+ Kh8 21. f5 $16 {[%cal Gf5f6] and
white has decisive advantage,but deserved attention solid 17...Nf8!?.}) 18. f5
$1 $16 exf5 (18... dxe4 19. fxe6 $6 (19. Bc4 $1 Rd8 $5 (19... Nf8 $2 20. fxe6
Qe7 21. g5 $18 {[%cal Gf1f7]}) 20. Bxe6+ (20. fxe6 $2 Ne5 21. e7+ Nxc4 22.
exd8=Q+ Rxd8 23. Qe2 Nxe3 24. Qxe3 Qxh2+ $1 $17) 20... Kh8 21. Qe2 Nf8 22. Bf4
$16) 19... Ne5 20. g5 Rd8 $1 21. Qe1 Nd5 22. Nxe4 Re8 23. Nf6+ Bxf6 24. gxf6
Rxe6 $13) (18... Nxe4 19. Nxe4 dxe4 20. Bc4 $1 Rd8 21. Bxe6+ Kh8 22. Qe2 $16)
19. gxf5 dxe4 (19... gxf5 20. exd5 Re8 21. d6 $1 Qa5 22. Bd4 Nb6 23. Bd3 $1 $16
{[%csl Ra5,Rf5]}) 20. fxg6 hxg6 $2 {A suicide!Black misses nice,but very
simple tactical blow and loses on the spot.Better was} (20... Ne5 21. Bg5 Rf8
22. Bxf6 Bxf6 23. Nxe4 Bg7 $16 {with chanses of survival.}) 21. Bc4+ Kh7 22.
Nxe4 $1 $18 {[%csl Rh7]} Nxe4 23. Bf4 $1 {[%cal Gb3h3]} Qb6+ {Otherwise black
is got mated:} (23... Be5 24. Rh3+ Kg7 25. Bh6+ Kh8 26. Bf8#) 24. Rxb6 Nxb6 25.
Bd3 Re8 (25... Nf6 26. Bg5 Nbd7 27. Bxf6 Nxf6 28. Rxf6 $1 Bxf6 29. Qh5+ Kg8 30.
Qxg6+ Bg7 31. Bc4+ $18) 26. Qf3 {A great performance of Lutz!} 1-0

[Event "EU-ch 6th"]
[Site "Warsaw"]
[Date "2005.06.29"]
[Round "11"]
[White "Cheparinov, Ivan"]
[Black "Nyback, Tomi"]
[Result "1-0"]
[WhiteElo "2621"]
[BlackElo "2551"]
[Annotator "Finkel,A"]
[PlyCount "77"]
[EventDate "2005.06.18"]
[EventType "swiss"]
[EventRounds "13"]
[EventCountry "POL"]
[SourceTitle "CBM 108"]
[Source "ChessBase"]
[SourceDate "2005.09.26"]
[SourceVersion "1"]
[SourceVersionDate "2005.09.26"]
[SourceQuality "1"]

1. e4 d6 2. d4 Nf6 3. Nc3 g6 4. Be3 (4. Nf3 Bg7 5. h3 O-O 6. Be3 c6 7. a4 Qa5
8. Nd2 Nbd7 9. Be2 e5 10. Nc4 Qc7 11. dxe5 dxe5 12. Qd6 (12. a5 Rd8 13. Qd6
Qxd6 14. Nxd6 Ne8 15. Nxc8 Rdxc8 16. O-O $14 {Bronstein,L-Rossetto,H/Casilda
1984}) 12... Ne8 13. Qd2 b6 14. O-O Ba6 15. b4 Bxc4 16. Bxc4 Nd6 17. Bb3 Nf6
18. f3 Rad8 19. Qf2 Nc8 20. Rfd1 Rxd1+ 21. Nxd1 Qe7 22. c3 Nh5 $13 {Asmundsson,
I-Torre,V/Buenos Aires 1978}) 4... c6 5. h3 Nbd7 6. Nf3 (6. f4 $5) 6... e5 7.
a4 Qc7 8. Be2 Bg7 9. dxe5 dxe5 10. Nd2 $5 {[%cal Gd2c4,Gd1d6] Intending to
penitrate to d6 right away.} (10. O-O) 10... O-O 11. Nc4 Rd8 12. Qd6 Qxd6 (
12... Ne8 13. Qxc7 Nxc7 14. Nd6 Ne6 15. O-O-O Bf8 16. Nxc8 Raxc8 17. a5 Bc5 $11
) 13. Nxd6 Bf8 $6 (13... Ne8 14. Nxc8 Rdxc8 15. O-O-O Nef6 16. Bg4 Rc7 17. Rd2
Kf8 18. Rhd1 Ke8 {[%cal Gg7f8,Gf8b4]} 19. Bxd7+ {1/2-1/2 Zlochevskij,A-Biolek,
R/Imperia 1996}) 14. O-O-O Nb6 $6 {[%csl Rb6]} 15. Nxc8 Rxd1+ 16. Rxd1 Rxc8 17.
g4 $16 {White achieved a significant advantage out of the opening, but made a
couple of inaccuracies afterwards to let it slip between the fingers.} (17. a5
Nbd7 18. g4 h6 19. h4 Nc5 20. f3 $16 {[%cal Gg4g5,Gb2b4]}) 17... Bb4 18. Na2
Be7 19. a5 Na4 20. f3 a6 (20... Bc5 21. Bg5 Kg7 22. b3 Ba3+ 23. Kb1 Nc5 24. b4
Ne6 25. Be3 c5 26. c3 $16 {[%cal Gb1c2,Gc2b3]}) 21. Bc4 $6 {Much more
convincing was} (21. g5 $5 Ne8 22. Rd7 Bc5 23. Bd2 $1 Rc7 24. Rd3 Be7 25. b4
$16 {[%cal Gd3a3] and black knight is stuck on a4 for a while.}) 21... Nc5 22.
g5 Ne8 23. Nc3 (23. b4 Ne6 24. Bxe6 fxe6 25. Rd7 Rc7 26. Rxc7 Nxc7 27. c4 Ne8
$14) 23... Rc7 24. h4 Rd7 25. Rxd7 Nxd7 26. Na4 Bb4 27. Bd2 Bxd2+ 28. Kxd2 Nd6
29. Bf1 Kf8 (29... f5 30. gxf6 (30. exf5 gxf5) 30... Kf7 31. Bh3 Nxf6 32. Nc5
Ke7 33. Nd3 Nf7 34. Bc8 Nd6 $14) 30. Bh3 Ke7 31. b3 Nb5 $2 (31... f5 32. exf5
gxf5 33. Ke3 $14) 32. Bxd7 $1 $18 Kxd7 33. Nc5+ Ke7 (33... Kc7 34. c3 $1 Na7 (
34... b6 35. axb6+ Kxb6 36. Nd7+ $18) 35. c4 Nc8 36. Ke3 Ne7 37. f4 $18) 34.
Nxb7 Nd4 35. Nc5 Nxf3+ 36. Ke3 Nxh4 37. Nxa6 Ng2+ 38. Kf2 Nf4 39. Nc5 (39. Nc5
Kd6 40. a6 Kc7 41. a7 $18) 1-0

[Event "Montreal 2nd"]
[Site "Montreal"]
[Date "2001.08.04"]
[Round "3"]
[White "Rozentalis, Eduardas"]
[Black "Goldenberg, Danny"]
[Result "1-0"]
[WhiteElo "2588"]
[BlackElo "2343"]
[Annotator "Finkel,A"]
[PlyCount "77"]
[EventDate "2001.08.02"]
[EventType "tourn"]
[EventRounds "11"]
[EventCountry "CAN"]
[EventCategory "9"]
[SourceTitle "CBM 085"]
[Source "ChessBase"]
[SourceDate "2001.11.13"]
[SourceVersion "1"]
[SourceVersionDate "2001.11.13"]
[SourceQuality "1"]

1. e4 g6 2. d4 Bg7 3. Nc3 c6 4. h3 d6 5. Nf3 Qc7 (5... b5 6. Be3 (6. a3 a6 7.
Be3 Nd7 8. Qd2 Bb7 9. Be2 Qc7 10. O-O Ngf6 11. Bh6 O-O 12. Bxg7 Kxg7 $11 {
Karapanos,N-Siebrecht,S/9th Battle of Crete 1999}) 6... b4 7. Ne2 Nf6 8. Ng3
Ba6 9. Bxa6 Nxa6 10. a3 bxa3 11. Rxa3 Nc7 12. O-O $14 {Zakharov,A-Wunder,S/
Moscow op 1990}) (5... Nd7 6. Bf4 Qc7 7. Bh2 e5 8. dxe5 dxe5 9. a4 Nh6 10. g4
f6 11. Bc4 Nc5 12. Qe2 Nf7 13. O-O-O Qe7 $13 {Antonio,R-Arduman,C/Moscow olm
1994}) (5... Nf6 6. Bd3 (6. Be2 O-O 7. O-O a5 8. Be3 Nbd7 9. a4 h6 10. Nh2 e5
11. dxe5 dxe5 12. Qd2 Kh7 13. Rad1 $14 {Nepeina Leconte,M-Petrovic,M/JUG-chT
1993}) 6... O-O 7. O-O Nbd7 8. e5 dxe5 9. dxe5 Nd5 10. Nxd5 cxd5 11. Re1 Nc5
12. Nd4 $14 {Yermolinsky,A-Zlotnikov,M/Las Vegas op 1994}) 6. Be3 (6. Bc4 b5 7.
Bb3 b4 8. Ne2 Nf6 9. e5 Nd5 10. exd6 Qxd6 11. O-O O-O 12. c4 bxc3 13. bxc3 Nd7
$13 {Leino,J-Gavrikov,V/10th Open 2000}) 6... Nd7 7. a4 Ngf6 8. Bd3 (8. Be2 O-O
9. O-O e5 10. dxe5 dxe5 11. Bc4) 8... e5 9. dxe5 dxe5 10. Bc4 O-O 11. O-O h6 $6
{A waste of time, which black can't afford to himself.} (11... Nb6 12. Bb3 Rd8
13. Qe2 $14) (11... Nh5 12. a5 (12. Qd2 $6 Nb6 13. Bb3 Rd8 14. Qe2 Nf4 15. Bxf4
exf4 $13) 12... Nf4 13. b4 $5 $14 {[%cal Gd1b1,Gb1b3]}) (11... Re8 $5 {[%cal
Gd7f8,Gf8e6]}) 12. Qd2 Kh7 13. a5 $1 Ne8 $6 {[%cal Gf7f5]} ({It was necessary
to play 13...b5} 13... b5 14. axb6 Nxb6 15. Bb3 Rd8 16. Qe2 Bb7 17. Rfd1 $14 {
[%csl Ra7]}) 14. Rfd1 f5 15. exf5 gxf5 16. Be6 $1 $16 {Very strong move
winning a pawn} Ndf6 (16... e4 17. Bf4 Ne5 18. Nxe5 Bxe5 (18... Bxe6 19. Ng6
$18 {[%cal Gg6f8]}) 19. Bxe5 (19. Bxc8 $5 Bxf4 20. Qd7+ Rf7 21. Qxc7 Nxc7 22.
Bxb7 $16) 19... Qxe5 20. Bxc8 Rxc8 21. Qd7+ Ng7 22. Qxb7 $16) (16... f4 17.
Qd3+ Kh8 18. Nh4 $1 $18 {[%cal Gh4g6]}) 17. Bxc8 Rxc8 (17... Qxc8 18. Nxe5 $16)
18. Bxa7 e4 19. Nd4 (19. Bb6 Qf7 20. Ne5 Qe6 21. Nd7 Rf7 22. Nc5 Qe5 23. Qe2
$16) 19... Qe5 $6 20. f4 $1 {[%csl Rf5]} exf3 $8 (20... Qe7 21. Nxf5 $18) 21.
Nxf3 Qg3 22. Ne2 Qc7 23. Bb6 Qe7 24. Nf4 $18 {Full domination of white pieces!}
Nc7 (24... Ne4 25. Qd7 $18) 25. Qd6 Qxd6 26. Rxd6 Rf7 (26... Nb5 27. Re6 Rce8
28. c4 $18) 27. Ne5 Re7 28. Nfg6 Ree8 29. Rf1 {[%csl Rf5] The rest is easy
techinal job} Ncd5 30. Rxf5 Ne7 31. Rfxf6 $1 Bxf6 32. Rxf6 Nxg6 33. Nxg6 Re2
34. Nf4 Rxc2 35. Bd4 c5 36. Rf7+ Kg8 37. Rg7+ Kf8 38. Ne6+ Ke8 39. Bf6 1-0

[Event "Asia-ch"]
[Site "Kolkata"]
[Date "2001.08.16"]
[Round "10"]
[White "Barua, Dibyendu"]
[Black "Kazhgaleyev, Murtas"]
[Result "1-0"]
[WhiteElo "2499"]
[BlackElo "2585"]
[Annotator "Finkel,A"]
[PlyCount "81"]
[EventDate "2001.08.09"]
[EventType "swiss"]
[EventRounds "11"]
[EventCountry "IND"]
[SourceTitle "CBM 085"]
[Source "ChessBase"]
[SourceDate "2001.11.13"]
[SourceVersion "1"]
[SourceVersionDate "2001.11.13"]
[SourceQuality "1"]

1. e4 d6 2. d4 Nf6 3. Nc3 g6 4. Be2 c6 5. a4 Bg7 6. Nf3 O-O 7. O-O Qc7 8. h3 e5
9. dxe5 dxe5 10. Bc4 Nbd7 11. Be3 Nh5 (11... b6 12. Qd3 a6 13. Rfd1 Bb7 14. Qd6
Rac8 15. Bb3 b5 16. Qe7 Rce8 17. Qd6 Rc8 18. Qe7 Rce8 {1/2-1/2 Kestler,
H-Hoffmann,H/BL2-O 1995}) (11... Re8 12. Qd2 (12. Qd3 $5 {/\Rfd1} Nf8 13. Ng5
Ne6 14. Bxe6 Bxe6 15. Nxe6 Rxe6 16. Rfd1 $14) 12... Nf8 13. Ng5 Ne6 (13... Re7
14. Rfd1 h6 15. Nxf7 Rxf7 16. Bxf7+ Qxf7 17. Bxh6 $14) 14. Nxe6 (14. Rfd1 Nxg5
15. Bxg5 Be6 16. Bxe6 Rxe6 $14) 14... Bxe6 15. Bxe6 Rxe6 16. Rfd1 $14 {Donev,
I-Polzin,R/Bad Ragaz op 1995}) (11... Rd8 12. Ng5 Nf8 13. Bxf7+ Kh8 14. Qxd8
Qxd8 15. Bb3 Qe7 16. Nf7+ Kg8 17. Nh6+ Kh8 18. Nf7+ $10) (11... Nb6 12. Bb3 Qe7
13. Qe2 h6 14. a5 Nbd7 15. Qc4 a6 16. Rfd1 Nh5 17. Na4 $14 {Deglmann,L-Hoy,R/
OL9697 1997}) 12. a5 (12. Qd2 Nf4 13. Ne2 Nxe2+ 14. Qxe2 b6 15. Rfd1 Nf6 16.
Bd2 Bb7 17. Bc3 Nh5 18. Qe3 Rad8 $11 {Rizouk,R-Ramos,A/Algarve 1995}) 12... Nf4
13. Qd2 (13. Qb1 b5 (13... h6 14. Qa2 Qd8 15. Kh2 Qf6 16. Ng1 g5 17. g3 Ng6 18.
Be2 Re8 19. Bg4 $14 {Bischoff,K-Sebastian,D/Pyramiden-Franken Cup 1999}) 14.
axb6 Nxb6 15. Qa2 Nxc4 16. Qxc4 Be6 17. Qc5 Rfb8 18. b3 Rb7 19. Ra6 $14 {
Pirrot,D-Flueckiger,C/Biel op MTO 1997}) 13... b5 14. Bb3 $5 {Very interesting
idea, but hardly promising white any opening advantage.} (14. axb6 Nxb6 15. Bb3
Be6 16. Rfd1 Rfd8 17. Qe1 Bxb3 18. cxb3 Ne6 19. Rxd8+ Rxd8 20. Na4 Nd4 $11 {
Russek,G-Salman,N/Saint John op-2 1988}) 14... Nf6 (14... Bh6 $5 15. Rfd1 (15.
Ne2 $6 Nc5 16. Bxc5 Nxh3+ 17. gxh3 Bxd2 18. Bxf8 Bxa5 19. Bc5 Bxh3 $15) 15...
Nc5 {[%cal Gh6d2]} 16. Bxc5 Nxh3+ 17. gxh3 Bxd2 18. Rxd2 Rd8 $1 $132) 15. Bxf4
exf4 16. e5 Nd7 17. Qxf4 (17. e6 fxe6 18. Bxe6+ Kh8 19. Rfe1 Nc5 20. Bxc8 Raxc8
$13) 17... Nxe5 (17... Bxe5 18. Nxe5 Qxe5 19. Qxe5 (19. Qf3 $5) 19... Nxe5 20.
Rfe1 Nd7 21. Re7 Nc5 22. Rae1 Nxb3 23. cxb3 Be6 24. b4 $14) 18. Rfe1 Nxf3+ 19.
Qxf3 Bf5 (19... a6 $5 {[%cal Gc8b7,Gc6c5]}) 20. a6 $5 Rae8 (20... b4 21. Na4
Rad8 22. Rad1 Rxd1 23. Rxd1 Re8 $13) 21. Rad1 h6 $2 {After this move white
seizes the initiative} (21... Rxe1+ 22. Rxe1 Bc8 {[%csl Ra6]} 23. Ne4 Qe7 $1 {
[%csl Gf6]} (23... Bxa6 $6 24. Nf6+ Kh8 25. Ne8 $14) 24. Rd1 Bxb2 25. Nd6 $44)
22. g4 $1 Bc8 23. Rxe8 Rxe8 24. Ne4 $1 $36 {[%cal Ge4f6,Ge4d6] Knight is very
strong on e4 and it's not so easy for black to defend.} Rf8 (24... Bxb2 $2 25.
Nf6+ Bxf6 26. Qxf6 {[%csl Rf7,Rg6]} Kf8 $8 (26... Be6 27. Bxe6 Rxe6 28. Rd8+
Kh7 29. Qh8#) 27. Qh8+ Ke7 28. Re1+ $1 (28. Qg7 $6 Qf4 29. Re1+ Kd8 30. Rxe8+
Kxe8 31. Qg8+ Kd7 32. Bxf7 Bxa6 $11) 28... Be6 29. Qg7 Kd8 30. Bxe6 fxe6 31.
Rd1+ Kc8 32. Qxg6 $18) (24... Re7 $5) 25. Nd6 Bxa6 26. Nxf7 Kh7 (26... Rxf7 27.
Bxf7+ (27. Rd6 $5) 27... Qxf7 28. Qxf7+ Kxf7 29. Rd7+ Kf6 (29... Kf8 30. Rxa7
Bc8 31. Ra8 $18) 30. Rc7 $1 $18 {[%csl Ra6]}) 27. h4 $1 $16 {[%cal Gh4h5]} c5
28. Bd5 $1 Qe7 (28... Bxb2 29. Ng5+ hxg5 30. Qxf8 Qg7 31. Qxc5 $16) 29. h5 Bf6
(29... gxh5 30. Qf5+ Kg8 31. Ne5+ Kh8 32. Ng6+ $18) 30. Be4 Kg7 31. hxg6 Bc8
32. c3 $5 (32. Qe3 Bg5 33. Nxg5 Qxg5 34. Qxg5 hxg5 35. Rd5 $16) 32... Be6 33.
Bd5 Kxg6 (33... Bxd5 34. Rxd5 Kxg6 35. Qd3+ Kg7 36. Nxh6 $1 $18 {[%cal Gd5d7,
Gd5h5]}) 34. Nd6 $1 {[%cal Gd6f5]} Kg7 35. Bxe6 Qxe6 36. Nf5+ Kh7 37. Rd6 Qe1+
$6 (37... Qe8 38. Ra6 Qg6 39. Rxa7+ Kh8 40. Ra8 $18) 38. Kg2 Bg7 39. Rd7 Kh8
40. Qb7 {[%cal Gb7h7]} Qe5 41. Rxg7 1-0